MAASAI MARA UNIVERSITY

LIBRARY CATALOGUE

Contact Us: +254 020 2685356/7 or 0774 057787

Box: 861-20500, NAROK, KENYA

Email: info@mmarau.ac.ke

Making sense : (Record no. 24432)

MARC details
000 -LEADER
fixed length control field 01652cam a2200421 a 4500
001 - CONTROL NUMBER
control field 16986655
003 - CONTROL NUMBER IDENTIFIER
control field OSt
005 - DATE AND TIME OF LATEST TRANSACTION
control field 20170518103314.0
008 - FIXED-LENGTH DATA ELEMENTS--GENERAL INFORMATION
fixed length control field 111003s2012 onca bf 001 0 eng d
010 ## - LIBRARY OF CONGRESS CONTROL NUMBER
LC control number 2011414500
016 ## - NATIONAL BIBLIOGRAPHIC AGENCY CONTROL NUMBER
Record control number 20119024349
020 ## - INTERNATIONAL STANDARD BOOK NUMBER
International Standard Book Number 9780195439526
020 ## - INTERNATIONAL STANDARD BOOK NUMBER
International Standard Book Number 019543952X
035 ## - SYSTEM CONTROL NUMBER
System control number (OCoLC)ocn720810800
040 ## - CATALOGING SOURCE
Original cataloging agency MMU
Language of cataloging eng
Transcribing agency MMU
Modifying agency MMU
042 ## - AUTHENTICATION CODE
Authentication code lccopycat
043 ## - GEOGRAPHIC AREA CODE
Geographic area code e-uk---
050 00 - LIBRARY OF CONGRESS CALL NUMBER
Classification number BL41
Item number .N67 2012
082 00 - DEWEY DECIMAL CLASSIFICATION NUMBER
Classification number 200.71/141
Edition number 23
100 1# - MAIN ENTRY--PERSONAL NAME
Personal name Northey, Margot,
Dates associated with a name 1940-
245 10 - TITLE STATEMENT
Title Making sense :
Remainder of title a student's guide to research and writing : religious studies /
Statement of responsibility, etc. Margot Northey, Bradford A. Anderson, Joel N. Lohr.
250 ## - EDITION STATEMENT
Edition statement 1st ed.
260 ## - PUBLICATION, DISTRIBUTION, ETC. (IMPRINT)
Place of publication, distribution, etc. Don Mills, Ont. :
Name of publisher, distributor, etc. Oxford University Press,
Date of publication, distribution, etc. 2012.
300 ## - PHYSICAL DESCRIPTION
Extent 239 p. :
Other physical details ill. ;
Dimensions 23 cm.
504 ## - BIBLIOGRAPHY, ETC. NOTE
Bibliography, etc Includes bibliographical references (p. [229]-230) and index.
650 00 - SUBJECT ADDED ENTRY--TOPICAL TERM
Topical term or geographic name as entry element Religion
General subdivision Study and teaching (Higher)
Geographic subdivision Great Britain.
650 #0 - SUBJECT ADDED ENTRY--TOPICAL TERM
Topical term or geographic name as entry element Religion
General subdivision Research
Geographic subdivision Great Britain.
650 #0 - SUBJECT ADDED ENTRY--TOPICAL TERM
Topical term or geographic name as entry element Report writing
Form subdivision Handbooks, manuals, etc.
650 #0 - SUBJECT ADDED ENTRY--TOPICAL TERM
Topical term or geographic name as entry element Religious literature
General subdivision Authorship.
700 1# - ADDED ENTRY--PERSONAL NAME
Personal name Lohr, Joel N.
700 1# - ADDED ENTRY--PERSONAL NAME
Personal name Anderson, Bradford A.
856 42 - ELECTRONIC LOCATION AND ACCESS
Materials specified Contributor biographical information
Uniform Resource Identifier <a href="http://www.loc.gov/catdir/enhancements/fy1202/2011414500-b.html">http://www.loc.gov/catdir/enhancements/fy1202/2011414500-b.html</a>
856 42 - ELECTRONIC LOCATION AND ACCESS
Materials specified Publisher description
Uniform Resource Identifier <a href="http://www.loc.gov/catdir/enhancements/fy1202/2011414500-d.html">http://www.loc.gov/catdir/enhancements/fy1202/2011414500-d.html</a>
856 41 - ELECTRONIC LOCATION AND ACCESS
Materials specified Table of contents only
Uniform Resource Identifier <a href="http://www.loc.gov/catdir/enhancements/fy1202/2011414500-t.html">http://www.loc.gov/catdir/enhancements/fy1202/2011414500-t.html</a>
906 ## - LOCAL DATA ELEMENT F, LDF (RLIN)
a 7
b cbc
c copycat
d 2
e ncip
f 20
g y-gencatlg
942 ## - ADDED ENTRY ELEMENTS (KOHA)
Source of classification or shelving scheme Library of Congress Classification
Koha item type L
Holdings
Withdrawn status Lost status Source of classification or shelving scheme Damaged status Not for loan Home library Current library Date acquired Source of acquisition Total Checkouts Full call number Barcode Date last seen Price effective from Koha item type
    Library of Congress Classification     Maasai Mara University Library -Main Campus Maasai Mara University Library -Main Campus 03/13/2017 Donation- T4C   BL41.N67 2011 17027261 03/07/2018 03/13/2017 L
© 2016 Maasai Mara University.